000 00569nam a2200229Ia 4500
003 OSt
005 20220924150537.0
006 a|||||r|||| 00| 0
007 ta
008 220923b |||||||| |||| 00| 0 ara d
024 _a333604
037 _cTextual
040 _aARTS
_cARTS
_bara
041 _2ara
_aara
082 _aB, 28J2
100 _aYusuf Muhiddin Au.
_9222373
245 0 _aMuqaddma lirriyaziyyat
260 _c1952
650 _aMATHEMATICS
_92141
942 _hB, 28J2
_cTEXL
_2CC
999 _c463717
_d463717